000 00301nam a22001337a 4500
008 170202b xxu||||| |||| 00| 0 eng d
020 _a9781405104432
041 _aeng
080 _26TH
_a61
100 _a3
101 _aSHM
245 _aGERIATRICS AT YOUR FINGERTIPS
_cREUBEN, D.B
942 _2udc
_cBK
999 _c4260
_d4260